[Event "Bundesliga 2324"]
[Site "Germany"]
[Date "2024.02.24"]
[Round "10.2"]
[White "Bluebaum, Matthias"]
[Black "Abasov, Nijat Azad"]
[Result "1/2-1/2"]
[WhiteElo "2668"]
[BlackElo "2679"]
[PlyCount "48"]
[EventDate "2023.10.21"]
[EventType "team-tourn"]
[EventRounds "15"]
[EventCountry "GER"]
[SourceTitle "CB09_2024"]
[SourceDate "2024.02.28"]
[SourceVersion "1"]
[SourceVersionDate "2024.02.28"]
[SourceQuality "1"]
[WhiteTeam "Deizisau"]
[BlackTeam "Oetigheim"]
[WhiteTeamCountry "GER"]
[BlackTeamCountry "GER"]

1. d4 d5 2. Nf3 Nf6 3. e3 e6 4. Nbd2 c5 5. b3 Nc6 6. Bb2 cxd4 7. exd4 Bd6 8. Bd3 0-0 9. a3 Qc7 10. Qe2 Nd7 11. 0-0 e5 12. dxe5 Ndxe5 13. Nxe5 Bxe5 14. Bxe5 Nxe5 15. Nf3 Re8 16. Nxe5 Rxe5 17. Qd2 Bd7 18. Rae1 Rae8 19. Qf4 h6 20. Rxe5 Qxe5 21. Qxe5 Rxe5 22. f4 Re7 23. Kf2 g5 24. g3 Kg7 1/2-1/2

[Event "Titled Tuesday intern op 19th Dec Early"]
[Site "Chess.com INT"]
[Date "2023.12.19"]
[Round "1"]
[White "Abasov, Nijat Azad"]
[Black "Ochs, Daniel Elias"]
[Result "1/2-1/2"]
[WhiteElo "2641"]
[BlackElo "2272"]
[PlyCount "108"]
[EventDate "2023.12.19"]
[EventType "swiss (blitz)"]
[EventRounds "11"]
[EventCountry "USA"]
[SourceTitle "CB52_2023"]
[SourceDate "2023.12.27"]
[SourceVersion "1"]
[SourceVersionDate "2023.12.27"]
[SourceQuality "1"]

1. d4 e6 2. Nf3 f5 3. Bg5 Nf6 4. Nbd2 Be7 5. Bxf6 Bxf6 6. e4 d5 7. exf5 exf5 8. Bd3 0-0 9. 0-0 Nc6 10. c3 Qd6 11. Re1 Bd7 12. Qb3 Kh8 13. Re2 Rfe8 14. Rae1 Rxe2 15. Rxe2 b6 16. Nf1 g6 17. Qd1 Re8 18. Ne3 Nd8 19. Nc2 c6 20. Nce1 Kg7 21. Bc2 c5 22. Rxe8 Bxe8 23. Nd3 Nf7 24. Ba4 Bc6 25. Bxc6 Qxc6 26. h3 c4 27. Nde5 Bxe5 28. dxe5 Qe6 29. Qd4 g5 30. g4 f4 31. Kg2 h6 32. b3 Kg6 33. bxc4 dxc4 34. Qe4+ Kg7 35. h4 Qxg4+ 36. Kf1 Qe6 37. hxg5 Nxg5 38. Qxf4 Nxf3 39. Qxf3 Qxe5 40. Qg4+ Qg5 41. Qxc4 Qc1+ 42. Ke2 Qg5 43. Qc7+ Kg6 44. Qxa7 Qb5+ 45. Kd2 Qb2+ 46. Kd3 Qxf2 47. Qb7 Qf1+ 48. Kd4 Qf2+ 49. Kc4 Qc5+ 50. Kb3 Qb5+ 51. Kc2 Qe2+ 52. Kb3 Qb5+ 53. Kc2 Qe2+ 54. Kb3 Qb5+ 1/2-1/2

[Event "Gashimov Memorial Blitz 9th"]
[Site "Baku"]
[Date "2023.12.11"]
[Round "17"]
[White "Mamedov, Rauf"]
[Black "Abasov, Nijat Azad"]
[Result "0-1"]
[WhiteElo "2651"]
[BlackElo "2641"]
[PlyCount "170"]
[EventDate "2023.12.11"]
[EventType "tourn (blitz)"]
[EventRounds "18"]
[EventCountry "AZE"]
[EventCategory "18"]
[SourceTitle "CB50_2023"]
[SourceDate "2023.12.13"]
[SourceVersion "1"]
[SourceVersionDate "2023.12.13"]
[SourceQuality "1"]

1. e4 e5 2. Nf3 Nc6 3. Bc4 Nf6 4. d3 h6 5. Nc3 Bc5 6. Be3 d6 7. Bxc5 dxc5 8. Bb5 Qd6 9. Bxc6+ bxc6 10. b3 Be6 11. 0-0 Bg4 12. h3 Bh5 13. g4 Nxg4 14. hxg4 Bxg4 15. Kg2 Qf6 16. Nb1 h5 17. Nbd2 h4 18. Rg1 Rh6 19. Kh1 Qf4 20. Qe2 Rf6 21. Rxg4 Qxg4 22. Rg1 Qh3+ 23. Nh2 g6 24. Qg4 Qxg4 25. Nxg4 Re6 26. Ne3 Ke7 27. Rg5 Rh8 28. Kh2 Rg8 29. Rg4 g5 30. Nf5+ Kd7 31. Nb1 Ree8 32. Nc3 Rb8 33. Ne3 f6 34. Kh3 Ke6 35. f3 Rb4 36. Rg1 Rgb8 37. Nc4 Rd8 38. Ne3 Rdb8 39. Na4 R4b5 40. Nc3 Rb4 41. a4 Rd8 42. Ra1 a5 43. Nc4 Ra8 44. Nd1 Rbb8 45. Nde3 Rd8 46. Nf5 Rd7 47. Kg4 Ra7 48. Rh1 Ra8 49. Kh3 Ra7 50. Nfe3 Ra8 51. Kg2 Rdd8 52. Nd1 Rd7 53. Nc3 Rdd8 54. Kf2 Rh8 55. Ne3 Rhd8 56. Nf5 Rd7 57. Nd1 Ra7 58. Nde3 Ra8 59. Nh6 Rh8 60. Nhg4 Ra8 61. Ke2 Rh7 62. Nc4 Rd7 63. Kf2 Rdd8 64. Re1 Rd7 65. Ke3 Rdd8 66. Nh6 Rd7 67. Nf5 Rh7 68. Rh1 Rd7 69. Rd1 Rdd8 70. c3 Rdb8 71. Rb1 Rb7 72. d4 cxd4+ 73. cxd4 Rb4 74. dxe5 fxe5 75. Kd3 Rab8 76. Nxa5 Rxa4 77. Nc4 Ra2 78. Kc3 Rf2 79. Nfe3 Rxf3 80. Ra1 h3 81. Rh1 g4 82. b4 Rh8 83. Kd2 g3 84. Ke2 Rf2+ 85. Ke1 Ra2 0-1

[Event "FIDE Grand Swiss"]
[Site "Douglas"]
[Date "2023.11.01"]
[Round "7"]
[White "Durarbayli, Vasif"]
[Black "Abasov, Nijat Azad"]
[Result "1/2-1/2"]
[WhiteElo "2625"]
[BlackElo "2679"]
[PlyCount "55"]
[EventDate "2023.10.25"]
[EventType "swiss"]
[EventRounds "11"]
[EventCountry "IOM"]
[SourceTitle "Mega2024 Update 01"]
[Source "Chessbase"]
[SourceDate "2023.11.12"]
[SourceVersion "1"]
[SourceVersionDate "2023.11.12"]
[SourceQuality "1"]

1. e4 e5 2. Nf3 Nc6 3. Bb5 a6 4. Ba4 Bc5 5. 0-0 Nge7 6. Nxe5 Nxe5 7. d4 b5 8. Bb3 Bxd4 9. Qxd4 d6 10. f4 c5 11. Qc3 N5g6 12. a4 Bb7 13. axb5 axb5 14. Rxa8 Bxa8 15. Ba2 c4 16. Qd4 0-0 17. Nc3 Nc6 18. Qf2 Nb4 19. Bb1 Re8 20. Bd2 Na6 21. f5 Ne5 22. f6 Ng4 23. Qg3 Nxf6 24. Bh6 Nh5 25. Qf3 Nf6 26. Qg3 Nh5 27. Qf3 Nf6 28. Qg3 1/2-1/2

[Event "FIDE Grand Swiss"]
[Site "Douglas"]
[Date "2023.10.29"]
[Round "5"]
[White "Svane, Frederik"]
[Black "Abasov, Nijat Azad"]
[Result "1/2-1/2"]
[WhiteElo "2626"]
[BlackElo "2679"]
[PlyCount "61"]
[EventDate "2023.10.25"]
[EventType "swiss"]
[EventRounds "11"]
[EventCountry "IOM"]
[SourceTitle "Mega2024 Update 01"]
[Source "Chessbase"]
[SourceDate "2023.11.12"]
[SourceVersion "1"]
[SourceVersionDate "2023.11.12"]
[SourceQuality "1"]

1. e4 c6 2. d4 d5 3. Nc3 dxe4 4. Nxe4 Nf6 5. Nxf6+ exf6 6. c3 Bd6 7. Bd3 0-0 8. Ne2 Re8 9. Qc2 h5 10. 0-0 Qc7 11. h3 c5 12. dxc5 Qxc5 13. b4 Qc7 14. Nd4 a6 15. Bd2 Nc6 16. Nxc6 Qxc6 17. Rfe1 Be6 18. Bh7+ Kf8 19. Be4 Qc7 20. Rac1 Rad8 21. c4 Bh2+ 22. Kh1 Rxd2 23. Qxd2 Bf4 24. Qc2 Bxc1 25. Rxc1 Rd8 26. Rd1 Rxd1+ 27. Qxd1 g6 28. Qd4 Qxc4 29. Qxc4 Bxc4 30. Bxb7 Ke7 31. f4 1/2-1/2

[Event "POL-chT Ekstraliga"]
[Site "Lublin"]
[Date "2023.09.23"]
[Round "6.1"]
[White "Donchenko, Alexander"]
[Black "Abasov, Nijat Azad"]
[Result "1-0"]
[WhiteElo "2679"]
[BlackElo "2677"]
[PlyCount "85"]
[EventDate "2023.09.18"]
[EventType "team-tourn"]
[EventRounds "9"]
[EventCountry "POL"]
[SourceTitle "EXT 2024"]
[Source "ChessBase"]
[SourceDate "2023.10.10"]
[SourceVersion "1"]
[SourceVersionDate "2023.10.10"]
[SourceQuality "1"]
[WhiteTeam "Raciborz Silesia"]
[BlackTeam "Bydgoszcz Energia Gwiazda"]
[WhiteTeamCountry "POL"]
[BlackTeamCountry "POL"]

1. d4 Nf6 2. c4 e6 3. g3 d5 4. Bg2 dxc4 5. Qa4+ Nbd7 6. Qxc4 c5 7. Nf3 a6 8. Qc2 b5 9. Ne5 Nd5 10. Nc3 Nxe5 11. Nxd5 exd5 12. dxe5 Bb7 13. 0-0 Qb6 14. Rd1 Qe6 15. Be3 Be7 16. Bxc5 Rc8 17. b4 Qxe5 18. Rac1 Bxc5 19. bxc5 0-0 20. e3 g6 21. Rd4 Ba8 22. h4 Rc7 23. Qd3 Qe7 24. Qa3 Qe6 25. Rcd1 Rd8 26. e4 Rcd7 27. Qa5 Qe7 28. Rc1 Qf6 29. Rcd1 Qe7 30. Rc1 Qf6 31. Rxd5 Bxd5 32. exd5 Re8 33. c6 Rde7 34. Qc3 Qd6 35. Qc5 Re1+ 36. Kh2 Qxc5 37. Rxc5 Rd1 38. c7 Rc8 39. d6 Rxd6 40. Bb7 Rxc7 41. Rxc7 Rd2 42. Kg2 a5 43. Rc5 1-0

[Event "FIDE World Cup"]
[Site "Baku"]
[Date "2023.08.22"]
[Round "8.1"]
[White "Abasov, Nijat Azad"]
[Black "Caruana, Fabiano"]
[Result "1-0"]
[WhiteElo "2632"]
[BlackElo "2782"]
[PlyCount "51"]
[EventDate "2023.07.30"]
[EventType "k.o."]
[EventRounds "8"]
[EventCountry "AZE"]
[SourceTitle "EXT 2024"]
[Source "ChessBase"]
[SourceDate "2023.10.10"]
[SourceVersion "1"]
[SourceVersionDate "2023.10.10"]
[SourceQuality "1"]

1. d4 Nf6 2. Nf3 d5 3. c4 e6 4. g3 Be7 5. Bg2 0-0 6. 0-0 dxc4 7. Qc2 a6 8. a4 Bd7 9. Qxc4 Bc6 10. Bg5 Nbd7 11. Nc3 h6 12. Bf4 Bd6 13. Qd3 Bxf4 14. gxf4 a5 15. Kh1 Bxf3 16. Bxf3 c6 17. Rg1 Kh8 18. e4 Qe7 19. Rg3 Rad8 20. Rag1 Rg8 21. e5 Nh7 22. Qe3 Nb6 23. Be4 Qb4 24. Bxh7 Kxh7 25. Ne4 Qe7 26. f5 1-0

[Event "FIDE World Cup"]
[Site "Baku"]
[Date "2023.08.16"]
[Round "6.2"]
[White "Abasov, Nijat Azad"]
[Black "Vidit, Santosh Gujrathi"]
[Result "1-0"]
[WhiteElo "2632"]
[BlackElo "2719"]
[PlyCount "87"]
[EventDate "2023.07.30"]
[EventType "k.o."]
[EventRounds "8"]
[EventCountry "AZE"]
[SourceTitle "EXT 2024"]
[Source "ChessBase"]
[SourceDate "2023.10.10"]
[SourceVersion "1"]
[SourceVersionDate "2023.10.10"]
[SourceQuality "1"]

1. d4 Nf6 2. Nf3 d5 3. Bf4 c5 4. e3 Nc6 5. Nbd2 e6 6. c3 Be7 7. h3 Bd6 8. dxc5 Bxc5 9. Bd3 Bd6 10. Bxd6 Qxd6 11. Qc2 Ne5 12. Nxe5 Qxe5 13. 0-0 Bd7 14. e4 dxe4 15. Nxe4 Nd5 16. Rfe1 Bc6 17. Rad1 0-0-0 18. Bf1 Kb8 19. Qd2 Qc7 20. Nc5 h6 21. c4 Ne7 22. Qc3 Nf5 23. b4 Rxd1 24. Rxd1 Rd8 25. Rxd8+ Qxd8 26. b5 Be8 27. a4 Kc8 28. Nb3 f6 29. a5 Qd1 30. Qb4 b6 31. axb6 axb6 32. c5 bxc5 33. Qxc5+ Kb8 34. Qb6+ Kc8 35. Qxe6+ Bd7 36. Qc4+ Kd8 37. b6 Qd6 38. Qg8+ Ke7 39. b7 Be8 40. Bb5 Qd1+ 41. Kh2 Qd6+ 42. g3 Bf7 43. b8Q Bxg8 44. Qe8# 1-0

[Event "FIDE World Cup"]
[Site "Baku"]
[Date "2023.08.07"]
[Round "3.4"]
[White "Abasov, Nijat Azad"]
[Black "Giri, Anish"]
[Result "1-0"]
[WhiteElo "2632"]
[BlackElo "2775"]
[PlyCount "83"]
[EventDate "2023.07.30"]
[EventType "k.o."]
[EventRounds "8"]
[EventCountry "AZE"]
[SourceTitle "EXT 2024"]
[Source "ChessBase"]
[SourceDate "2023.10.10"]
[SourceVersion "1"]
[SourceVersionDate "2023.10.10"]
[SourceQuality "1"]

1. d4 Nf6 2. c4 e6 3. Nf3 d5 4. Nc3 Be7 5. Bg5 h6 6. Bh4 dxc4 7. e3 c5 8. Bxc4 cxd4 9. exd4 0-0 10. 0-0 Nc6 11. Re1 Nh5 12. Bxe7 Nxe7 13. Ne5 Nf6 14. a4 a6 15. h4 Bd7 16. g4 Nc6 17. g5 hxg5 18. hxg5 Nxe5 19. Rxe5 Nh7 20. Qh5 Rc8 21. Bd3 f5 22. gxf6 Nxf6 23. Qh4 Kf7 24. Rae1 Rh8 25. Qg5 Rh6 26. R1e3 Bc6 27. Kf1 Nd5 28. Rg3 Qxg5 29. Rexg5 Rg8 30. Bg6+ Kf6 31. Be4 Ne7 32. Bxc6 Nxc6 33. Ne4+ Kf7 34. Rf3+ Ke7 35. Rb3 b5 36. Rc3 Rh4 37. axb5 axb5 38. f3 Nxd4 39. Rc7+ Kf8 40. Nd6 Rf4 41. Rg4 Rxf3+ 42. Kg2 1-0